000 00660nam a2200253Ia 4500
001 5030
005 20240113233813.0
007 ta
008 050616s1987 a g b000 u asm u
020 _cPB
040 _aCotton College Assam
041 _aasm
082 _a575.1
_bAr 67 Ge
100 _aArora, Mohan P..
245 0 _aGenetics /
_cMohan P. Arora, Gurdarshan S. Sandhu.
_hTextual Documents
250 _a1st ed. /
260 _aBombay :
_bHimalaya Publishing ,
_c1987.
300 _axiv, 368p. :
_bill ;
_c22cm .
504 _aIndex
653 _aEvolution Genetics
942 _2ddc
_cBK
999 _c5017
_d5017